Southville International School and Colleges
Your cart is empty.
  • Cart
  • Lists
    Public lists Eva Luna New books Lux_list list_1
    Your lists Log in to create your own lists
  • Log in to your account
  • Your cookies
  • Search history
Southville International School and Colleges
  • Advanced search
  • Recent comments
  • Most popular
  • Libraries

Log in to your account

Log in with GOOGLE


If you do not have an external account, but do have a local account, you can still log in:

  1. Home
  2. MARC view: Computer education 3 and 4. /
Normal view MARC view ISBD view

Computer education 3 and 4. / (Record no. 3286)

[ view plain ]
MARC details
000 -LEADER
fixed length control field 00552nam a22001937a 4500
003 - CONTROL NUMBER IDENTIFIER
control field OSt
005 - DATE AND TIME OF LATEST TRANSACTION
control field 20140310181752.0
008 - FIXED-LENGTH DATA ELEMENTS--GENERAL INFORMATION
fixed length control field 130628t xxu||||| |||| 00| 0 eng d
020 ## - INTERNATIONAL STANDARD BOOK NUMBER
International Standard Book Number 9718509887
050 ## - LIBRARY OF CONGRESS CALL NUMBER
Classification number HC 460
Item number .D888 1992
082 ## - DEWEY DECIMAL CLASSIFICATION NUMBER
Classification number FIL 607.1
Item number B29ce 1992
100 ## - MAIN ENTRY--PERSONAL NAME
Personal name Dumlao, Jerome del Pozo
245 ## - TITLE STATEMENT
Title Computer education 3 and 4. /
Statement of responsibility, etc Jerome del Pozo Dumlao.
260 ## - PUBLICATION, DISTRIBUTION, ETC. (IMPRINT)
Place of publication, distribution, etc Makati, Metro Manila :
Name of publisher, distributor, etc Basic Media Systems,
Date of publication, distribution, etc 1992.
300 ## - PHYSICAL DESCRIPTION
Extent 99 p. ;
Dimensions 26 cm.
Other physical details ill. ;
650 ## - SUBJECT ADDED ENTRY--TOPICAL TERM
Topical term or geographic name as entry element Computers
942 ## - ADDED ENTRY ELEMENTS (KOHA)
Source of classification or shelving scheme Library of Congress Classification
Koha item type Books
Call number prefix Filipininana
Holdings
Withdrawn status Lost status Source of classification or shelving scheme Damaged status Home library Current library Shelving location Date acquired Total Checkouts Full call number Barcode Date last seen Copy number Price effective from Koha item type
    Library of Congress Classification   Luxembourg Library Luxembourg Library Filipiniana Section 06/28/2013   HC 460 .D888 1992 12925 08/13/2013 1 06/28/2013 Books

Computer education 3 and 4. /

APA

Dumlao J. d. P., . (1992). Computer education 3 and 4. Makati, Metro Manila: Basic Media Systems.

Chicago

Dumlao Jerome del Pozo, . 1992. Computer education 3 and 4. Makati, Metro Manila: Basic Media Systems.

Harvard

Dumlao J. d. P., . (1992). Computer education 3 and 4. Makati, Metro Manila: Basic Media Systems.

MLA

Dumlao Jerome del Pozo, . Computer education 3 and 4. Makati, Metro Manila: Basic Media Systems. 1992.

  • Place hold
  • Print
  • Cite
  • Add to your cart (remove)
  • Save record
    BIBTEX Dublin Core MARCXML MARC (non-Unicode/MARC-8) MARC (Unicode/UTF-8) MARC (Unicode/UTF-8, Standard) MODS (XML) RIS
  • More searches
    Search for this title in:
    Other Libraries (WorldCat) Other Databases (Google Scholar) Online Stores (Bookfinder.com) Open Library (openlibrary.org)

Exporting to Dublin Core...

SOUTHVILLE LIBRARY

Southville International School and Colleges Library

1281 Tropical Ave. Cor. Luxembourg St., BF Homes International, Las Pinas City

Tel. No. 8256374 / 252358 Loc. 117/146

Powered by Koha